[Event "Amager Aabne Klubmesterskab 2012"]
[Site "Sundbyoster"]
[Date "2012.03.06"]
[Round "6"]
[White "Jensen, Jonbert"]
[Black "Larsen, Kim"]
[Result "1-0"]
[WhiteElo "1402"]
[BlackElo "1609"]
[PlyCount "129"]
[EventDate "2012.??.??"]

1. e4 c5 2. Nf3 Nc6 3. d4 cxd4 4. Nxd4 Nf6 5. Nc3 e5 6. Nxc6 bxc6 7. Bd3 Bb4 8.
Bd2 O-O 9. O-O d5 10. exd5 cxd5 11. a3 Ba5 12. Na4 Bxd2 13. Qxd2 Bd7 14. Nc5
Bc6 15. b4 Rb8 16. Be2 Re8 17. Rfe1 Qb6 18. Bf3 e4 19. Be2 a5 20. c3 Red8 21.
Qd4 Bb5 22. h3 axb4 23. axb4 Bxe2 24. Rxe2 Ra8 25. Rea2 Qc6 26. Ra6 Rxa6 27.
Rxa6 Qb5 28. Ra5 Qb6 29. Kf1 Nh5 30. Na4 Qxd4 31. cxd4 Nf4 32. b5 Rb8 33. b6
Ne6 34. Rxd5 g6 35. Rd6 Kf8 36. Nc5 Nxd4 37. Nd7+ Ke7 38. Rxd4 Rb7 39. Nc5 Rxb6
40. Rxe4+ Kd6 41. Nd3 h5 42. Ke2 Rb5 43. f4 f6 44. Kf3 Rb3 45. Rd4+ Ke6 46. g4
hxg4+ 47. Kxg4 Rb5 48. Rb4 Rd5 49. Rb6+ Kf7 50. Nb4 Rd4 51. Rb7+ Kf8 52. Nc6
Rc4 53. Nd8 Ke8 54. Ne6 Re4 55. Nc5 Rc4 56. Nd7 Rc6 57. Ra7 Rd6 58. Nc5 Rd4 59.
h4 Rd5 60. Ne6 Rd6 61. f5 gxf5+ 62. Kxf5 Rd5+ 63. Kxf6 Rh5 64. Ng7+ Kf8 65.
Ra8# 1-0

[Event "Amager Aabne Klubmesterskab 2012"]
[Site "Sundbyoster"]
[Date "2012.03.06"]
[Round "6"]
[White "Jensen, Thore Nyboe"]
[Black "Brorsen, Kristian"]
[Result "1-0"]
[WhiteElo "1990"]
[BlackElo "1263"]
[PlyCount "65"]
[EventDate "2012.??.??"]

1. e4 e5 2. Nf3 Nc6 3. Bc4 Bc5 4. c3 d6 5. d4 exd4 6. cxd4 Bb4+ 7. Bd2 Bxd2+ 8.
Qxd2 h6 9. Nc3 Nf6 10. Bb3 O-O 11. O-O-O Na5 12. Bc2 Nc4 13. Qd3 Nb6 14. h3 g6
15. g4 Nh7 16. e5 d5 17. Ne2 Ng5 18. Nxg5 Qxg5+ 19. f4 Qe7 20. b3 a5 21. f5
Qg5+ 22. Kb2 Qe7 23. Nf4 Qb4 24. fxg6 Nc4+ 25. Ka1 Na3 26. Nxd5 Nxc2+ 27. Qxc2
Qa3 28. Nf6+ Kg7 29. gxf7 Rh8 30. Nh5+ Kf8 31. Qg6 Bd7 32. Qg7+ Ke7 33. f8=Q+
1-0

[Event "Amager Aabne Klubmesterskab 2012"]
[Site "Sundbyoster"]
[Date "2012.03.06"]
[Round "6"]
[White "Kinch, Peder"]
[Black "Nielsen, Bjorn"]
[Result "1-0"]
[WhiteElo "1191"]
[BlackElo "1080"]
[PlyCount "101"]
[EventDate "2012.??.??"]

1. f4 e6 2. Nf3 Nf6 3. e3 d6 4. b3 Nc6 5. Bb2 e5 6. fxe5 dxe5 7. Nxe5 Nxe5 8.
Bxe5 Bg4 9. Be2 Bxe2 10. Qxe2 Bd6 11. Bb2 Qe7 12. d3 O-O-O 13. Nd2 Rhe8 14. e4
c6 15. O-O-O Ba3 16. Nc4 Bxb2+ 17. Kxb2 Kb8 18. Rhf1 Rf8 19. Ne3 g6 20. Rf3 Rd7
21. Rdf1 Ng8 22. Qd2 f6 23. Qc3 Rdd8 24. Ng4 Kc8 25. Nxf6 Nxf6 26. Rxf6 Rxf6
27. Rxf6 Rf8 28. Rxf8+ Qxf8 29. Qe5 Kd7 30. d4 Qe8 31. Qxe8+ Kxe8 32. c4 Kd7
33. Kc3 Ke6 34. b4 a6 35. a4 Kd6 36. c5+ Ke6 37. Kc4 g5 38. g4 h6 39. b5 a5 40.
d5+ cxd5+ 41. exd5+ Kd7 42. Kd4 Ke7 43. Ke5 b6 44. d6+ Kd7 45. c6+ Kd8 46. Ke6
Ke8 47. c7 Kf8 48. Kf6 Kg8 49. c8=Q+ Kh7 50. Qd7+ Kg8 51. Qg7# 1-0

[Event "Amager Aabne Klubmesterskab 2012"]
[Site "Sundbyoster"]
[Date "2012.03.06"]
[Round "6"]
[White "Lunding, Peter M"]
[Black "Brorsen, Jacob Abildlund"]
[Result "1/2-1/2"]
[WhiteElo "1945"]
[BlackElo "2101"]
[PlyCount "106"]
[EventDate "2012.??.??"]

1. d4 g6 2. c4 Bg7 3. Nc3 d6 4. e4 Nc6 5. d5 Nd4 6. Be3 c5 7. Nge2 Nxe2 8. Bxe2
Nf6 9. h3 O-O 10. Qd2 Re8 11. O-O a6 12. Rad1 Bd7 13. f4 Qc7 14. f5 b5 15. Qc2
Qa5 16. b3 bxc4 17. Bxc4 Reb8 18. Ne2 Bb5 19. Bd2 Qc7 20. Bc3 Rb7 21. g4 Nd7
22. Bxg7 Kxg7 23. fxg6 hxg6 24. Nf4 Qa5 25. Nd3 Rf8 26. Rf2 Nb6 27. Rdf1 Bxc4
28. bxc4 Qa4 29. Qc3+ Kg8 30. Nf4 Qxc4 31. Qxc4 Nxc4 32. Nxg6 Ne3 33. Nxf8 Nxf1
34. Kxf1 Kxf8 35. Kg2 a5 36. Kg3 Kg7 37. Rf3 Rb4 38. Kf4 e6 39. dxe6 fxe6 40.
Rc3 Kg6 41. h4 a4 42. Kf3 Rd4 43. Ke3 Rb4 44. Rd3 Rb6 45. Kf4 c4 46. Rc3 Rb4
47. Ke3 d5 48. exd5 exd5 49. Kd4 Rb5 50. Ra3 Ra5 51. Rf3 Rb5 52. Ra3 Ra5 53.
Rf3 Rb5 1/2-1/2

[Event "Amager Aabne Klubmesterskab 2012"]
[Site "Sundbyoster"]
[Date "2012.03.06"]
[Round "6"]
[White "Madsen, Palle S"]
[Black "Foss, Kim"]
[Result "1-0"]
[WhiteElo "1771"]
[BlackElo "1472"]
[PlyCount "49"]
[EventDate "2012.??.??"]

1. e4 c6 2. d4 d5 3. f3 dxe4 4. fxe4 Nf6 5. Nc3 Bg4 6. Nf3 e6 7. Be3 Qa5 8. Bd3
Bb4 9. O-O Nbd7 10. e5 Nd5 11. Nxd5 cxd5 12. a4 a6 13. Kh1 O-O 14. Bxh7+ Kh8
15. Bd3 Be7 16. c3 Qd8 17. Qe1 g6 18. Qg3 Bxf3 19. Rxf3 Kg7 20. Raf1 Qe8 21.
Rxf7+ Qxf7 22. Rxf7+ Rxf7 23. Qxg6+ Kf8 24. Qxe6 Bd8 25. Bh6+ 1-0

[Event "Amager Aabne Klubmesterskab 2012"]
[Site "Sundbyoster"]
[Date "2012.03.13"]
[Round "6"]
[White "Nielsen, Jens Holm"]
[Black "Larsen, Ulrik Jejlskov"]
[Result "1-0"]
[WhiteElo "1748"]
[BlackElo "1544"]
[PlyCount "45"]
[EventDate "2012.??.??"]

1. f4 e5 2. fxe5 d6 3. exd6 Bxd6 4. Nf3 g5 5. d4 g4 6. Ne5 Bxe5 7. dxe5 Qxd1+
8. Kxd1 Nc6 9. Nc3 Be6 10. Bg5 Nge7 11. Ke1 h6 12. Bf6 Rg8 13. e3 a6 14. Bd3
Ng6 15. Bxg6 Rxg6 16. Rd1 Nb4 17. Rd2 c6 18. e4 c5 19. Kf2 Nc6 20. Nd5 Kf8 21.
Nf4 Rg8 22. Nxe6+ fxe6 23. Rd7 1-0

[Event "Amager Aabne Klubmesterskab 2012"]
[Site "Sundbyoster"]
[Date "2012.03.13"]
[Round "6"]
[White "Petersen, Christian Skibsted"]
[Black "Ree, Morten"]
[Result "0-1"]
[WhiteElo "1600"]
[BlackElo "1736"]
[PlyCount "136"]
[EventDate "2012.??.??"]

1. e4 d6 2. d4 g6 3. f4 Bg7 4. Nf3 e6 5. Nc3 Ne7 6. Be2 a6 7. O-O b5 8. a3 Bb7
9. b4 Nd7 10. Be3 Rc8 11. e5 O-O 12. a4 bxa4 13. Nxa4 Nd5 14. Qd2 Qe7 15. c3
Rfd8 16. Nb2 c5 17. exd6 Qxd6 18. bxc5 Qc6 19. Nc4 Nxc5 20. Na5 Ne4 21. Nxc6
Nxd2 22. Ne7+ Nxe7 23. Bxd2 Nd5 24. Ra3 Rd7 25. Rb1 Rcc7 26. Bxa6 Bxa6 27. Rxa6
Rd8 28. Rc1 Rdc8 29. Ra3 Nb6 30. Be1 Nc4 31. Rb3 Ra7 32. Nd2 Nxd2 33. Bxd2 Ra2
34. Be3 Re2 35. c4 Ra8 36. Rf1 Raa2 37. Rb8+ Bf8 38. Bf2 Kg7 39. c5 Rac2 40.
Rbb1 Be7 41. Rbc1 Rxf2 42. Rxc2 Rxc2 43. h3 Bf6 44. Rd1 Rc4 45. d5 exd5 46.
Rxd5 Rxc5 47. Rd2 h5 48. Kf2 h4 49. Kf3 Rc4 50. Ke3 Be7 51. Kf3 Kf6 52. Kg4 Bc5
53. Kxh4 Rxf4+ 54. Kg3 Re4 55. Rd3 Ke6 56. h4 Re3+ 57. Rxe3+ Bxe3 58. Kg4 f5+
59. Kf3 Bc1 60. g4 f4 61. Ke4 Kf6 62. Kf3 Ke5 63. Ke2 Ke4 64. Kf2 f3 65. Ke1
Ke3 66. h5 gxh5 67. gxh5 f2+ 68. Kf1 Bb2 0-1

[Event "Amager Aabne Klubmesterskab 2012"]
[Site "Sundbyoster"]
[Date "2012.03.06"]
[Round "6"]
[White "Petersen, Nils"]
[Black "Lontoft, Sven"]
[Result "1-0"]
[WhiteElo "1873"]
[BlackElo "1693"]
[PlyCount "119"]
[EventDate "2012.??.??"]

1. c4 c6 2. g3 Nf6 3. Nf3 d5 4. Bg2 Bg4 5. cxd5 cxd5 6. Qb3 Qc7 7. Nc3 e6 8. d3
a6 9. Bf4 Qc8 10. Na4 Nbd7 11. Rc1 Qd8 12. O-O b5 13. Nc3 Nc5 14. Qc2 Be7 15.
Ne5 O-O 16. Nc6 Qd7 17. Nxe7+ Qxe7 18. f3 Bf5 19. e4 dxe4 20. dxe4 Bg6 21. Rfd1
Rfd8 22. Rxd8+ Rxd8 23. Bf1 e5 24. Bg5 Ne6 25. Be3 Nd4 26. Qf2 Qb4 27. a3 Qd6
28. Bg5 h6 29. Bxf6 Qxf6 30. Kg2 Bh5 31. g4 Qg5 32. Re1 Rd6 33. Kh1 Bg6 34. h4
Qf4 35. Kg2 Ne6 36. Nd5 Rxd5 37. exd5 Nd4 38. h5 Bh7 39. Rd1 Nc2 40. Kg1 Ne3
41. Rd2 e4 42. Qh2 Qxh2+ 43. Rxh2 exf3 44. Rd2 Kf8 45. d6 Ke8 46. Kf2 Nxg4+ 47.
Kxf3 Nf6 48. Bh3 Nxh5 49. Re2+ Kd8 50. Re7 f5 51. Ra7 g5 52. Ke3 Bg6 53. Bg2
f4+ 54. Kd4 Nf6 55. Bc6 Bf5 56. Rf7 Ne8 57. Bxe8 Kxe8 58. Rxf5 Kd7 59. Kd5 g4
60. Rf7+ 1-0

[Event "Amager Aabne Klubmesterskab 2012"]
[Site "Sundbyoster"]
[Date "2012.03.06"]
[Round "6"]
[White "Tronning, Mark Philip"]
[Black "Emborg, Jens"]
[Result "1-0"]
[WhiteElo "1351"]
[BlackElo "1476"]
[PlyCount "44"]
[EventDate "2012.??.??"]

1. e4 e6 2. d4 d5 3. exd5 exd5 4. Nf3 Nf6 5. Be2 Bd6 6. h3 O-O 7. Nc3 c6 8. Be3
h6 9. Qd2 Bf5 10. Bf4 Re8 11. Bxd6 Qxd6 12. O-O Nbd7 13. Bd3 Ne4 14. Nxe4 Bxe4
15. Bxe4 Rxe4 16. Rfe1 Rae8 17. Rxe4 Rxe4 18. Re1 Qe7 19. c3 f6 20. b3 Nf8 21.
Kf1 Ng6 22. b4 Nf4 1-0

[Event "Amager Aabne Klubmesterskab 2012"]
[Site "Sundbyoster"]
[Date "2012.03.06"]
[Round "6"]
[White "Vandborg, Soren"]
[Black "Svensson, John Michael"]
[Result "0-1"]
[WhiteElo "1400"]
[BlackElo "1468"]
[PlyCount "84"]
[EventDate "2012.??.??"]

1. e4 d5 2. exd5 Qxd5 3. Nc3 Qa5 4. d4 c6 5. Be3 Nf6 6. a3 Bg4 7. b4 Bxd1 8.
bxa5 Bxc2 9. Kd2 Bf5 10. Bd3 Bxd3 11. Kxd3 Nbd7 12. Bf4 e6 13. h3 Be7 14. Nf3
O-O 15. g4 Bd8 16. Rab1 b6 17. a6 Rc8 18. Bd6 Re8 19. a4 c5 20. Nb5 c4+ 21. Ke3
Nd5+ 22. Kd2 c3+ 23. Kc1 Ra8 24. Kc2 Be7 25. Bh2 Rec8 26. Nd6 Rc6 27. Nb5 Nb4+
28. Rxb4 Bxb4 29. Rb1 Ba5 30. Ne1 Nf6 31. Nd3 Nd5 32. Ne5 Rcc8 33. h4 f6 34.
Nf3 Rc4 35. Nd6 Rxa4 36. g5 Ra2+ 37. Kd3 c2 38. Rc1 Nb4+ 39. Ke4 f5+ 40. Ke5
Nd3+ 41. Kxe6 Nxc1 42. Bf4 Ne2 0-1

[Event "Amager Aabne Klubmesterskab 2012"]
[Site "Sundbyoster"]
[Date "2012.03.27"]
[Round "7"]
[White "Brorsen, Jacob Abildlund"]
[Black "Andersen, Ole Bo"]
[Result "0-1"]
[WhiteElo "2101"]
[BlackElo "2053"]
[PlyCount "102"]
[EventDate "2012.??.??"]

1. d4 Nf6 2. c4 c5 3. d5 b5 4. cxb5 a6 5. bxa6 Bxa6 6. Nc3 d6 7. e4 Bxf1 8.
Kxf1 g6 9. Nf3 Bg7 10. g3 O-O 11. Kg2 Nbd7 12. h3 Qa5 13. Re1 Rfb8 14. Re2 Ne8
15. Rc2 Nc7 16. Bg5 Rxb2 17. Rxb2 Bxc3 18. Bd2 Nf6 19. Bxc3 Qxc3 20. Rb3 Qc4
21. Nd2 Qd4 22. f3 c4 23. Rb4 Ncxd5 24. exd5 Nxd5 25. Nxc4 Rxa2+ 26. Rxa2 Qxd1
27. Rd2 Qxd2+ 28. Nxd2 Nxb4 29. Kf2 Kg7 30. Ke3 d5 31. Kd4 e6 32. f4 Nc6+ 33.
Ke3 f6 34. Nf3 h6 35. Nh2 e5 36. fxe5 fxe5 37. Kd3 h5 38. Ke3 Nd4 39. g4 h4 40.
Nf1 Ne6 41. Kf3 Ng5+ 42. Kg2 Kf6 43. Ne3 Ke6 44. Nd1 e4 45. Nf2 Ke5 46. Kf1 d4
47. Ke2 Kf4 48. Ke1 Kf3 49. Kf1 d3 50. Ke1 d2+ 51. Kf1 e3 0-1

[Event "Amager Aabne Klubmesterskab 2012"]
[Site "Sundbyoster"]
[Date "2012.03.27"]
[Round "7"]
[White "Brorsen, Kristian"]
[Black "Kinch, Peder"]
[Result "1-0"]
[WhiteElo "1263"]
[BlackElo "1191"]
[PlyCount "31"]
[EventDate "2012.??.??"]

1. Nf3 d6 2. e4 e5 3. Bc4 Be7 4. Nc3 Bg4 5. h3 Bh5 6. d3 c6 7. Be3 Nd7 8. d4
Bf6 9. g4 Bg6 10. h4 h6 11. Qd2 exd4 12. Bxd4 Nc5 13. Qe3 Qe7 14. e5 Bxe5 15.
Nxe5 O-O-O 16. Nxg6 1-0

[Event "Amager Aabne Klubmesterskab 2012"]
[Site "Sundbyoster"]
[Date "2012.03.27"]
[Round "7"]
[White "Foss, Kim"]
[Black "Gade, Jens"]
[Result "0-1"]
[WhiteElo "1472"]
[BlackElo "1474"]
[PlyCount "106"]
[EventDate "2012.??.??"]

1. e4 c5 2. d4 cxd4 3. c3 dxc3 4. Nxc3 e6 5. Bc4 a6 6. Nf3 Bc5 7. O-O Ne7 8.
Bf4 O-O 9. Qe2 b5 10. Bb3 Nbc6 11. Rac1 Nd4 12. Nxd4 Bxd4 13. Rfd1 Nc6 14. a3
Qf6 15. Be3 Rd8 16. Qd2 Bxe3 17. Qxe3 Bb7 18. Rd6 Kf8 19. Rcd1 Ke8 20. f4 Nb8
21. Bd5 Nc6 22. Bxc6 Bxc6 23. Nd5 Bxd5 24. exd5 Qe7 25. dxe6 dxe6 26. Qe4 Qa7+
27. Kf1 Rxd6 28. Rxd6 Ke7 29. Qb4 Ke8 30. Qc3 Ke7 31. Rc6 Kf8 32. Qb4+ Qe7 33.
Qe4 Rd8 34. Qxh7 Rd1+ 35. Ke2 Qd7 36. Rc8+ Ke7 37. Qh4+ f6 38. Rc7 Qxc7 39.
Kxd1 Qd6+ 40. Kc1 Qc5+ 41. Kd2 Qd4+ 42. Kc2 Qe4+ 43. Kc1 Qxg2 44. b4 Qc6+ 45.
Kb2 Qg2+ 46. Kb3 Kd6 47. Qh5 Qd5+ 48. Qxd5+ Kxd5 49. a4 e5 50. axb5 axb5 51.
fxe5 Kxe5 52. Kc3 Ke4 53. Kd2 Kd4 0-1

[Event "Amager Aabne Klubmesterskab 2012"]
[Site "Sundbyoster"]
[Date "2012.03.27"]
[Round "7"]
[White "Jensen, Jonbert"]
[Black "Madsen, Palle S"]
[Result "1-0"]
[WhiteElo "1402"]
[BlackElo "1771"]
[PlyCount "97"]
[EventDate "2012.??.??"]

1. e4 e5 2. Nf3 Nc6 3. d4 exd4 4. Nxd4 Nge7 5. Nc3 Nxd4 6. Qxd4 Nc6 7. Qd2 Bc5
8. Bb5 d6 9. Nd5 O-O 10. b4 Bb6 11. Bb2 f6 12. O-O-O Be6 13. f4 Ne7 14. f5 Nxd5
15. fxe6 Be3 16. exd5 Bxd2+ 17. Rxd2 Qe7 18. a3 a6 19. Ba4 b5 20. Bb3 Rac8 21.
Rhd1 f5 22. Kb1 f4 23. Rf2 Qh4 24. Rdf1 Rce8 25. c4 bxc4 26. Ba4 Re7 27. g3 Qh5
28. Bc6 f3 29. Bc3 g5 30. h4 g4 31. Rd1 Rb8 32. Kb2 a5 33. b5 a4 34. Bf6 Kf8
35. Rd4 c3+ 36. Kxc3 Qh6 37. Rf4 Kg8 38. Bxe7 Qg7+ 39. Bf6 Qg6 40. e7 Qb1 41.
Rxg4+ Kf7 42. e8=Q+ Rxe8 43. Bxe8+ Kxf6 44. Rxf3+ Ke7 45. Re3+ Kf6 46. Rf4+ Kg7
47. Re7+ Kg8 48. Bf7+ Kf8 49. Bg6+ 1-0

[Event "Amager Aabne Klubmesterskab 2012"]
[Site "Sundbyoster"]
[Date "2012.03.27"]
[Round "7"]
[White "Jensen, Thore Nyboe"]
[Black "Ree, Morten"]
[Result "1/2-1/2"]
[WhiteElo "1990"]
[BlackElo "1736"]
[PlyCount "40"]
[EventDate "2012.??.??"]

1. e4 d6 2. d4 g6 3. c4 Bg7 4. Nc3 Nc6 5. d5 Nd4 6. Be3 c5 7. Nge2 Qb6 8. Rb1
e5 9. dxe6 fxe6 10. b4 Nxe2 11. Nxe2 Ne7 12. bxc5 Qa5+ 13. Bd2 Qxc5 14. Bb4
Qxc4 15. Qxd6 Nc6 16. Qd2 Qxe4 17. Rb3 Nxb4 18. Rxb4 Qe5 19. f4 Qa1+ 20. Kf2
O-O 1/2-1/2

[Event "Amager Aabne Klubmesterskab 2012"]
[Site "Sundbyoster"]
[Date "2012.03.27"]
[Round "7"]
[White "Lontoft, Sven"]
[Black "Wieth Klitgaard, Peter"]
[Result "0-1"]
[WhiteElo "1693"]
[BlackElo "2028"]
[PlyCount "105"]
[EventDate "2012.??.??"]

1. e4 e5 2. Nf3 Nc6 3. Bc4 Bc5 4. b4 Bxb4 5. c3 Be7 6. d4 Nf6 7. dxe5 Ng4 8.
Qd5 O-O 9. h3 Nh6 10. Bxh6 gxh6 11. O-O d6 12. exd6 Qxd6 13. Nbd2 Qg6 14. Kh1
Be6 15. Qd3 Rad8 16. Qe3 Bg5 17. Nxg5 Qxg5 18. f4 Qg7 19. Rf3 Kh8 20. Rg3 Qf6
21. e5 Qh4 22. Bxe6 Rxd2 23. Rg4 Qf2 24. Qxf2 Rxf2 25. Bb3 Ne7 26. Rd1 Nf5 27.
Kg1 Re2 28. Rd7 Ne3 29. Rg3 h5 30. Rxf7 Rg8 31. Rxg8+ Kxg8 32. Rxc7+ Kh8 33.
Rc8+ Kg7 34. Rg8+ Kh6 35. Rg3 Nf5 36. Rf3 Ne3 37. Be6 Rxg2+ 38. Kh1 Re2 39. Rg3
Re1+ 40. Rg1 Nf1 41. Bc4 Ng3+ 42. Kh2 Rxg1 43. Kxg1 Ne4 44. e6 Nd6 45. e7 Kg7
46. Bb5 Kf7 47. e8=Q+ Nxe8 48. Bxe8+ Kxe8 49. a4 a5 50. c4 Kd7 51. Kf2 Kd6 52.
Ke3 Kc5 53. Kd3 0-1

[Event "Amager Aabne Klubmesterskab 2012"]
[Site "Sundbyoster"]
[Date "2012.03.27"]
[Round "7"]
[White "Larsen, Kim"]
[Black "Tronning, Mark Philip"]
[Result "1/2-1/2"]
[WhiteElo "1609"]
[BlackElo "1351"]
[PlyCount "47"]
[EventDate "2012.??.??"]

1. e4 d5 2. exd5 Qxd5 3. Nc3 Qa5 4. d4 c6 5. Bd2 Qc7 6. Bd3 Nf6 7. Nf3 Bg4 8.
h3 Bh5 9. g4 Bg6 10. Bxg6 hxg6 11. Qe2 e6 12. O-O-O Bd6 13. Kb1 Bf4 14. Be3 Nd5
15. Ne4 Nd7 16. c4 N5f6 17. Neg5 Bxe3 18. fxe3 Nb6 19. Rc1 Nh7 20. Ne4 Nf6 21.
Neg5 Nh7 22. Rc3 O-O-O 23. Qh2 Qe7 24. Ne4 1/2-1/2

[Event "Amager Aabne Klubmesterskab 2012"]
[Site "Sundbyoster"]
[Date "2012.03.27"]
[Round "7"]
[White "Larsen, Ulrik Jejlskov"]
[Black "Petersen, Steffen"]
[Result "1/2-1/2"]
[WhiteElo "1544"]
[BlackElo "1693"]
[PlyCount "37"]
[EventDate "2012.??.??"]

1. c4 Nf6 2. g3 c6 3. Bg2 d5 4. cxd5 cxd5 5. Nc3 Bf5 6. d4 e6 7. Nf3 Bb4 8.
Qa4+ Nc6 9. Ne5 Qb6 10. O-O O-O 11. Nxc6 bxc6 12. e3 Bxc3 13. bxc3 Qb5 14. Qxb5
cxb5 15. Ba3 Rfc8 16. Rfc1 Ne4 17. Bxe4 Bxe4 18. Bb4 Bd3 19. a3 1/2-1/2

[Event "Amager Aabne Klubmesterskab 2012"]
[Site "Sundbyoster"]
[Date "2012.03.27"]
[Round "7"]
[White "Nielsen, Bjorn"]
[Black "Emborg, Jens"]
[Result "0-1"]
[WhiteElo "1080"]
[BlackElo "1476"]
[PlyCount "120"]
[EventDate "2012.??.??"]

1. e4 e6 2. Nc3 d5 3. exd5 exd5 4. d4 Nf6 5. Nf3 Bd6 6. h3 O-O 7. Be2 Bf5 8.
O-O c6 9. b3 Ne4 10. Nxe4 dxe4 11. Nd2 Nd7 12. Bg4 Bxg4 13. Qxg4 f5 14. Qd1 Bf4
15. Nc4 Bxc1 16. Rxc1 b5 17. Nd2 Nf6 18. c3 Qb6 19. b4 a5 20. a3 axb4 21. axb4
Ra3 22. Nb3 Nd5 23. Re1 Rfa8 24. Re2 Nf4 25. Rb2 Nd3 26. Rcc2 Nxb2 27. Rxb2 Qd8
28. Kh2 Qd6+ 29. g3 f4 30. Qg4 fxg3+ 31. Qxg3 Qxg3+ 32. Kxg3 Rf8 33. Kg2 Rf3
34. Nc5 Rfxc3 35. Nxe4 Rxh3 36. Ng3 Rh4 37. Ne2 Rg4+ 38. Kh2 Rf3 39. Ng3 Rxd4
40. Kg2 Rff4 41. Rc2 Rc4 42. Rd2 Rfd4 43. Ra2 Rxb4 44. Ra8+ Kf7 45. Ra7+ Kg6
46. Ra8 c5 47. Rf8 c4 48. Nf5 Re4 49. Ne3 Rxe3 50. fxe3 c3 51. e4 Rxe4 52. Rb8
c2 53. Rb6+ Kf7 54. Rc6 Rc4 55. Rb6 c1=Q 56. Rxb5 Qd2+ 57. Kf3 Qd3+ 58. Kf2
Rc2+ 59. Ke1 Qxb5 60. Kd1 Qe2# 0-1

[Event "Amager Aabne Klubmesterskab 2012"]
[Site "Sundbyoster"]
[Date "2012.03.27"]
[Round "7"]
[White "Nielsen, Jens Holm"]
[Black "Petersen, Nils"]
[Result "1/2-1/2"]
[WhiteElo "1748"]
[BlackElo "1873"]
[PlyCount "99"]
[EventDate "2012.??.??"]

1. f4 Nc6 2. Nf3 g6 3. e4 d5 4. exd5 Qxd5 5. Nc3 Qd8 6. Bb5 Bd7 7. O-O Bg7 8.
Ne2 Nf6 9. c3 O-O 10. d4 e6 11. Bd2 Ne7 12. Bxd7 Nxd7 13. b4 a5 14. a3 Nb6 15.
Ng3 Nc4 16. Qc2 Nd5 17. Qd3 Ndb6 18. Ne4 Qd5 19. Nc5 Rfd8 20. Qe2 Nxd2 21. Qxd2
Nc4 22. Qe2 b6 23. Nd3 f6 24. Rfe1 Kf7 25. Qf2 axb4 26. axb4 Rxa1 27. Rxa1 Ra8
28. Rxa8 Qxa8 29. Qe1 Qa2 30. g4 Qc2 31. Nf2 Nb2 32. Qd2 Qxd2 33. Nxd2 Bf8 34.
Kg2 Bd6 35. Kf3 f5 36. h3 b5 37. Nb3 Na4 38. Nd1 Nb6 39. Ne3 Nd7 40. g5 Nb6 41.
Nc1 Na4 42. Nd1 Ke8 43. Ne2 Kd7 44. Ke3 Kc6 45. Kd3 Nb6 46. Ne3 Nd5 47. Nxd5
Kxd5 48. Ke3 Kc4 49. Kd2 c6 50. Ke3 1/2-1/2

[Event "Amager Aabne Klubmesterskab 2012"]
[Site "Sundbyoster"]
[Date "2012.03.27"]
[Round "7"]
[White "Svensson, John Michael"]
[Black "Lunding, Peter M"]
[Result "0-1"]
[WhiteElo "1468"]
[BlackElo "1945"]
[PlyCount "50"]
[EventDate "2012.??.??"]

1. d4 d5 2. Nf3 Nf6 3. Bf4 Bg4 4. Ne5 Bh5 5. g3 e6 6. Bg2 Bd6 7. O-O c6 8. Re1
Qc7 9. Nd2 Nbd7 10. Nxd7 Qxd7 11. Bxd6 Qxd6 12. c3 O-O 13. Nf3 Rfe8 14. h3 Qc7
15. Ne5 Re7 16. Qb3 Ne8 17. c4 f6 18. Nf3 Bf7 19. cxd5 exd5 20. Rac1 Nd6 21.
Qc3 Rae8 22. Kh1 Bg6 23. Ng1 Ne4 24. Qe3 Qa5 25. Nf3 Nxg3+ 0-1

[Event "Amager Aabne Klubmesterskab 2012"]
[Site "Sundbyoster"]
[Date "2012.03.27"]
[Round "7"]
[White "Vandborg, Soren"]
[Black "Hansen, Benny"]
[Result "0-1"]
[WhiteElo "1400"]
[BlackElo "1479"]
[PlyCount "86"]
[EventDate "2012.??.??"]

1. e4 c5 2. Nf3 d6 3. Bc4 Nf6 4. O-O Bg4 5. Re1 e6 6. h3 Bxf3 7. Qxf3 Nc6 8. a3
a6 9. c3 Rc8 10. d3 Be7 11. Bf4 O-O 12. Nd2 b5 13. Bb3 Qb6 14. Nf1 b4 15. Ba4
Nd7 16. axb4 Nde5 17. Qg3 cxb4 18. Bxc6 Rxc6 19. Bxe5 dxe5 20. c4 Bc5 21. b3
Bd4 22. Ra2 f5 23. Kh1 Rf6 24. f3 Qd8 25. Qh4 f4 26. Ree2 Bc5 27. Nh2 Qd4 28.
Qe1 Rd6 29. Red2 Qe3 30. Qd1 h5 31. Ra5 Ba7 32. Rxe5 g6 33. Ra5 Qb6 34. c5 Qxa5
35. cxd6 Bd4 36. h4 Qd8 37. Qb1 Qxd6 38. Ra2 e5 39. Nf1 Qd8 40. Nd2 g5 41. hxg5
Rb6 42. Qe1 Qxg5 43. Qf1 Qh4# 0-1